000 00884nam a2200205 i 4500
001 122760
003 ES-MaACL
005 20230906192034.0
007 t|
008 070214s1964 sp af |||| |dspa d
080 _a929March, Blanca
245 0 0 _aProcesos inquisitoriales contra la familia judía de Juan Luis Vives /
_cintroducción y transcripción paleográfica de Miguel de la Pinta Llorente, O.S.A., y José María de Palacio y de Palacio, Marqués de Villarreal de Alava.
260 _aMadrid :
_bC. S. I. C., Instituto Arias Montano,
_c1964.
300 _a1 v. ;
_c25 cm.
505 8 _aContiene: v. 1 ;
_tProceso contra Blanquina March, madre del humanista (107 p., 4 lám.)
700 1 _aPinta Llorente, Miguel de la.
_992201
700 1 _aPalacio y de Palacio, Jose María de.
_9151165
710 2 _aInstituto "Arias Montano"
_94797
852 _aES-MaACL
_jP-217-bis
999 _c122760
_d122760